000 00648nam a22001937a 4500
003 DO-SdBNP
005 20220622135717.0
007 ta
008 220622b2000 |||a|||| |||| 00| 0 spa d
040 _aDO-SdBNP
_bspa
_cBNPHU
082 4 _222
_axxx
_bA798s
245 1 0 _aAsambleas de sección, instructivo :
_bprograma de fortalecimiento de las provincias del la Región Nordeste /
260 _aSanto Domingo :
_bONAPLAN- BID,
_c2000.
300 _a(23 p.) :
_bil. ;
_c27 cm
650 4 0 _980425
_aInstructivo
_xAsambleas
_zProvincias Nordeste
650 4 0 _v Asambleas
_xPrograma
_zProvincias Nordeste
_981900
910 _aSaquino
942 _2ddc
_cLF2
999 _c52087
_d52087